Survivor: Blood vs. Water finishes Quiz Stats

 Plays Quiz not verified by Sporcle

Also try: TV Show Hangman
Challenge
Share
Tweet
Embed
Score 0/20 Timer 06:00
0 Plays Today
Finish Castaway % Correct
Sole SurvivorTyson Apostol
99.1%
Runner-upMonica Culpepper
96.5%
14thKat Edorsson
96.5%
2nd Runner-upGervase Peterson
95.6%
4thTina Wesson
95.6%
5thCiera Eastin
94.7%
6thLaura Morett
94.7%
12thLaura Boneham
94.7%
15thBrad Culpepper
94.7%
13thJohn Cody
93.9%
Finish Castaway % Correct
20thRupert Boneham
93.9%
7thHayden Moss
93%
16thCandice Cody
93%
11thAras Baskauskas
92.1%
8thKatie Collins
91.2%
10thVytas Baskauskas
91.2%
18thRachel Foulger
91.2%
9thCaleb Bankston
87.7%
19thColton Cumbie
86.8%
17thMarissa Peterson
86.8%

You're not logged in!

Compare scores with friends on all Sporcle quizzes.
OR
Log In

You Might Also Like...

Show Comments

Extras

Top Quizzes Today


Score Distribution

Your Account Isn't Verified!

In order to create a playlist on Sporcle, you need to verify the email address you used during registration. Go to your Sporcle Settings to finish the process.

Report this User

Report this user for behavior that violates our Community Guidelines.

Details: